000
00287nam a22001337a 4500
008
181015b xxu||||| |||| 00| 0 eng d
020
_a
9781285770951
041
_a
eng
080
_a
510
100
_a
37
101
_a
MAT
245
_a
Finite Mathematics
_c
Tan.S.O
942
_2
udc
_c
BK
999
_c
49637
_d
49637